Stanley Kubrick Movies Quiz Stats

 Plays Quiz Updated May 10, 2019

Score 0/13 Timer 05:00
5 Plays Today
Year Title % Correct
1971A Clockwork Orange
89.5%
19682001: A Space Odyssey
85.6%
1999Eyes Wide Shut
81.7%
1987Full Metal Jacket
75.4%
1980The Shining
74%
1964Dr. Strangelove
66.9%
1962Lolita
49.5%
1975Barry Lyndon
47.3%
1960Spartacus
45.4%
1957Paths of Glory
36.2%
1956The Killing
31.9%
1955Killer's Kiss
20.2%
1953Fear and Desire
14.6%

You're not logged in!

Compare scores with friends on all Sporcle quizzes.
OR
Log In

Sporcle TV

Today on Sporcle TV


Watch our educational content, quiz creation guides, and fun videos on Sporcle TV.

Show Comments

Extras

Top Quizzes Today


Score Distribution

Your Account Isn't Verified!

In order to create a playlist on Sporcle, you need to verify the email address you used during registration. Go to your Sporcle Settings to finish the process.

Report this User

Report this user for behavior that violates our Community Guidelines.

Details: